[Event "Titled Tue 24th Jun Early"]
[Site "chess.com INT"]
[Date "2025.06.24"]
[Round "1"]
[White "Srihari, L R"]
[Black "Ozen, Batuhan"]
[Result "1/2-1/2"]
[WhiteTitle "IM"]
[BlackTitle "CM"]
[WhiteElo "2480"]
[BlackElo "2128"]
[WhiteFideId "46617116"]
[BlackFideId "6345123"]
[EventDate "2025.06.24"]

1. c4 Nf6 2. Nf3 c5 3. e3 g6 4. d4 cxd4 5. exd4 Bg7 6. Nc3 O-O 7. Bg5 d6 8. Be2
Bf5 9. O-O Nc6 10. Re1 Rc8 11. Rc1 Re8 12. d5 Nb8 13. Nd4 Bd7 14. h3 Qb6 15. b3
Na6 16. Bf1 Nc5 17. Qd2 a6 18. Be3 Qc7 19. Bf4 a5 20. Ncb5 Bxb5 21. Nxb5 Qd8 22.
f3 Nfd7 23. Be3 Ne5 24. f4 Ned7 25. Qf2 Nf6 26. Qf3 Ra8 27. Rcd1 Qd7 28. g3 Na6
29. Bb6 a4 30. Kh2 axb3 31. axb3 Rec8 32. Bd4 Nc5 33. Bg2 Ra2 34. b4 Nce4 35.
Rxe4 Nxe4 36. Bxg7 Rxc4 37. Nc3 Nxc3 38. Bxc3 Ra3 39. Rd3 Qc7 40. Bb2 Ra2 41.
Rb3 Rc2 42. Rc3 Rxc3 43. Qxc3 Qxc3 44. Bxc3 Rc2 45. Be1 Rc1 46. Bd2 Rc2 47. Be1
Rc1 48. Bd2 Rc2 49. Be1 1/2-1/2

[Event "Titled Tue 24th Jun Early"]
[Site "chess.com INT"]
[Date "2025.06.24"]
[Round "1"]
[White "Kosteniuk, Alexandra"]
[Black "Herman, Daniel"]
[Result "1-0"]
[WhiteTitle "GM"]
[WhiteElo "2474"]
[BlackElo "1920"]
[WhiteFideId "4128125"]
[BlackFideId "30935008"]
[EventDate "2025.06.24"]

1. Nf3 g6 2. e4 Bg7 3. d4 d6 4. Nc3 Nf6 5. Be2 O-O 6. O-O e5 7. dxe5 dxe5 8.
Qxd8 Rxd8 9. Nxe5 Nxe4 10. Nxe4 Bxe5 11. Bg5 Re8 12. c3 Bf5 13. f3 Kg7 14. Bc4
Nc6 15. Rfe1 h6 16. Bh4 g5 17. Bf2 Rad8 18. Rad1 a5 19. Nc5 Rxd1 20. Rxd1 b6 21.
Bb5 bxc5 22. Bxc6 Rb8 23. Rd5 f6 24. b3 c4 25. Ba4 Be6 26. Rxa5 Bxc3 27. Rc5 Be5
28. h4 c3 29. hxg5 hxg5 30. Be3 Rd8 31. Kf2 Rd1 32. g3 Ra1 33. f4 Rxa2+ 34. Kf3
g4+ 35. Ke4 Bd6 36. Rxc3 Rg2 37. f5 Bc8 38. Bf4 Bb7+ 39. Bc6 Bxc6+ 40. Rxc6 Bxf4
41. Kxf4 Rb2 42. Rxc7+ Kh6 43. Rc3 Rb1 44. Kxg4 Rb2 45. Rc6 Kg7 46. Rc7+ Kh6 47.
Rf7 1-0

[Event "Titled Tue 24th Jun Early"]
[Site "chess.com INT"]
[Date "2025.06.24"]
[Round "1"]
[White "Grzesik, Gracjan"]
[Black "Skiadopoulos, Nikolaos"]
[Result "0-1"]
[WhiteTitle "CM"]
[BlackTitle "CM"]
[WhiteElo "2175"]
[BlackElo "1882"]
[WhiteFideId "1194593"]
[BlackFideId "4200772"]
[EventDate "2025.06.24"]

1. c4 Nf6 2. Nc3 c5 3. Nf3 Nc6 4. d4 Nxd4 5. Nxd4 cxd4 6. Qxd4 g6 7. g3 Bg7 8.
Bg2 O-O 9. O-O d6 10. Qd2 Rb8 11. b3 a6 12. a4 Qa5 13. Bb2 Qh5 14. Nd5 Nxd5 15.
Bxg7 Kxg7 16. cxd5 Bh3 17. Rfc1 Bxg2 18. Kxg2 Rbc8 19. f3 Qe5 20. Rab1 h5 21.
Rc4 Rc5 22. Rxc5 dxc5 23. Rc1 Qd6 24. Qc3+ Kh7 25. Qxc5 Qe5 26. Rc2 Rd8 27. e4
f5 28. Qc7 Rd6 29. Qc4 fxe4 30. fxe4 Rf6 31. Qe2 e6 32. dxe6 Rxe6 33. Rc4 b5 34.
axb5 axb5 35. Rb4 Qc3 36. Rxb5 Rd6 37. Rd5 Rxd5 38. exd5 Qxb3 39. Qe7+ Kh6 40.
Qf8+ Kh7 41. Qf7+ Kh6 42. Qf4+ Kh7 43. Qf7+ Kh6 44. d6 Qxf7 0-1

[Event "Titled Tue 24th Jun Early"]
[Site "chess.com INT"]
[Date "2025.06.24"]
[Round "1"]
[White "Sharapov, Yevhen"]
[Black "Hury, Tymoteusz"]
[Result "1-0"]
[WhiteTitle "GM"]
[BlackTitle "CM"]
[WhiteElo "2375"]
[BlackElo "2115"]
[WhiteFideId "14103133"]
[BlackFideId "21839328"]
[EventDate "2025.06.24"]

1. e4 e5 2. Nf3 Nc6 3. Nc3 Nf6 4. Bb5 Bd6 5. O-O O-O 6. Re1 a6 7. Bxc6 dxc6 8.
h3 Re8 9. d4 exd4 10. Qxd4 c5 11. Qd3 Nd7 12. Bg5 f6 13. Be3 Ne5 14. Nxe5 Bxe5
15. Qxd8 Rxd8 16. Rad1 Be6 17. a3 Bxc3 18. bxc3 b6 19. Bf4 Rac8 20. f3 b5 21.
Kf2 c6 22. Ke3 Kf7 23. Bd6 c4 24. Bc5 Rb8 25. f4 f5 26. g4 fxe4 27. Kxe4 Bd5+
28. Ke3 Re8+ 29. Kf2 Rxe1 30. Rxe1 Re8 31. Rxe8 Kxe8 32. Ke3 Kf7 33. f5 g6 34.
Kf4 h6 35. fxg6+ Kxg6 36. h4 h5 37. g5 a5 38. Ke5 a4 39. Be3 Bf3 40. Bd4 Bg2 41.
Be3 Bd5 42. Bd4 Bf3 43. Kd6 Be4 44. Kd7 Kf5 45. Ke7 Kg6 46. Kd6 Bf3 47. Kc5 Be4
48. Kb6 Kf5 49. Kc7 Kg4 50. Bf2 Bxc2 51. Kxc6 b4 52. cxb4 Be4+ 53. Kc5 c3 54.
Kd4 c2 55. Be3 Bf5 56. b5 Kxh4 57. b6 Bc8 58. g6 Kg4 59. g7 Be6 60. b7 h4 61.
b8=Q h3 62. Qf4+ 1-0

[Event "Titled Tue 24th Jun Early"]
[Site "chess.com INT"]
[Date "2025.06.24"]
[Round "1"]
[White "Gan-Erdene, Sugar"]
[Black "Zeliantsova, Kseniya"]
[Result "1-0"]
[WhiteTitle "IM"]
[BlackTitle "WFM"]
[WhiteElo "2454"]
[BlackElo "2062"]
[WhiteFideId "4902980"]
[BlackFideId "13512617"]
[EventDate "2025.06.24"]

1. e4 c5 2. Nf3 a6 3. c4 Nc6 4. Nc3 g6 5. d4 cxd4 6. Nxd4 Bg7 7. Be3 Nf6 8. Be2
O-O 9. O-O d6 10. f3 Bd7 11. Qd2 Rc8 12. Rac1 Re8 13. Rfd1 Qa5 14. Nb3 Qh5 15.
c5 Be6 16. cxd6 Rcd8 17. Nc5 Rxd6 18. Qe1 Bc8 19. Qf2 Red8 20. Rxd6 exd6 21. Nd3
Bh6 22. Nf4 Qe5 23. Qh4 Bg5 24. Qg3 Nh5 25. Qxg5 Qxg5 26. Nfd5 Qe5 27. f4 Qe6
28. g4 Ng7 29. f5 Qe5 30. Bg5 Qd4+ 31. Kg2 Rf8 32. Rd1 Qc5 33. Be3 Qa5 34. Bb6
Qc5 35. Bxc5 dxc5 36. Nf6+ Kh8 37. Rd5 b6 38. Rd6 Nd4 39. Rxb6 gxf5 40. gxf5 Rd8
41. Bc4 Rf8 42. Rb8 Nc6 43. Ra8 Ne5 44. Bxa6 Nd7 45. Nxd7 1-0

[Event "Titled Tue 24th Jun Early"]
[Site "chess.com INT"]
[Date "2025.06.24"]
[Round "1"]
[White "Murzin, Volodar"]
[Black "Krzywda, Andrzej"]
[Result "1-0"]
[WhiteTitle "GM"]
[BlackTitle "CM"]
[WhiteElo "2666"]
[BlackElo "2175"]
[WhiteFideId "44155573"]
[BlackFideId "1114565"]
[EventDate "2025.06.24"]

1. e4 c5 2. Nf3 e6 3. c4 a6 4. Nc3 d6 5. d4 cxd4 6. Nxd4 Nf6 7. Be3 Qc7 8. Be2
b6 9. O-O Bb7 10. f3 Be7 11. Rc1 Nbd7 12. b3 O-O 13. Kh1 Rac8 14. Bg1 Rfe8 15.
Qd2 Qb8 16. Rfd1 Bd8 17. Bf1 Bc7 18. Rc2 d5 19. cxd5 exd5 20. Nxd5 Nxd5 21. exd5
Bf4 22. Rxc8 Rxc8 23. Qd3 Nc5 24. Qf5 g6 25. Qg4 h5 26. Qh4 Qd6 27. Ne2 Be5 28.
Ng3 Re8 29. b4 Nd7 30. Ne4 Qc7 31. Qg5 Bf4 32. Qh4 Be5 33. Qf2 Bg7 34. Qd2 Qe5
35. a4 h4 36. h3 Qe7 37. a5 bxa5 38. Nc5 Nxc5 39. bxc5 Qe5 40. c6 Bc8 41. d6 Rd8
42. d7 Bxd7 43. cxd7 Bf8 44. Bh2 Qf6 45. Qxa5 Qe6 46. Qxd8 1-0

[Event "Titled Tue 24th Jun Early"]
[Site "chess.com INT"]
[Date "2025.06.24"]
[Round "1"]
[White "Ermachenko, Manuel"]
[Black "Logozar, Elijah"]
[Result "1/2-1/2"]
[WhiteTitle "CM"]
[WhiteElo "2277"]
[BlackElo "1928"]
[WhiteFideId "24560952"]
[BlackFideId "30963788"]
[EventDate "2025.06.24"]

1. e4 c5 2. Nf3 Nc6 3. d4 cxd4 4. Nxd4 Nf6 5. Nc3 h5 6. h3 e5 7. Ndb5 d6 8. Bg5
a6 9. Na3 Be6 10. Bxf6 gxf6 11. Nc4 Rc8 12. Ne3 Nd4 13. Bd3 Bh6 14. O-O Bxe3 15.
fxe3 Nc6 16. Nd5 Bxd5 17. exd5 Nb8 18. Bf5 Nd7 19. Qf3 Rh6 20. c3 Qb6 21. Qf2
Ke7 22. Kh2 Rg8 23. b4 Rg5 24. a3 h4 25. c4 Qd8 26. c5 dxc5 27. d6+ Kf8 28. e4
cxb4 29. axb4 Nb8 30. Rac1 Nc6 31. Rc5 Qxd6 32. Rd5 Qxb4 33. Qa2 Nd4 34. Rd7 Qb3
35. Qxb3 Nxb3 36. Rb1 Nc5 37. Rc7 Ne6 38. Rcxb7 Nf4 39. R1b2 Kg7 40. Ra7 Rh8 41.
Bg4 Rd8 42. Rbb7 Rd2 43. Rxf7+ Kg8 44. Rfb7 Rxg2+ 45. Kh1 Kh8 46. Rb8+ Rg8 47.
Rxg8+ Kxg8 48. Rxa6 Rg3 49. Rxf6 Nxh3 50. Bxh3 Rxh3+ 51. Kg2 Rg3+ 52. Kh2 Rg4
53. Re6 Rxe4 54. Kg2 Kf7 55. Rc6 Rf4 56. Ra6 Rf6 57. Ra4 Rh6 58. Kh3 Kf6 59.
Ra6+ Kg5 60. Rxh6 Kxh6 61. Kxh4 Kg6 62. Kg4 Kf6 63. Kf3 Ke6 64. Ke4 Kd6 65. Ke3
Kd5 66. Kd3 e4+ 67. Ke3 Ke5 68. Ke2 Kd4 69. Kd2 e3+ 70. Ke2 Ke4 71. Ke1 Kd3 72.
Kd1 e2+ 73. Ke1 Ke3 1/2-1/2

[Event "Titled Tue 24th Jun Early"]
[Site "chess.com INT"]
[Date "2025.06.24"]
[Round "1"]
[White "Mortazavi, Ali"]
[Black "Adhiban, Baskaran"]
[Result "0-1"]
[WhiteTitle "IM"]
[BlackTitle "GM"]
[WhiteElo "2333"]
[BlackElo "2509"]
[WhiteFideId "401323"]
[BlackFideId "5018471"]
[EventDate "2025.06.24"]

1. Nf3 c5 2. e4 Nc6 3. d3 g6 4. g3 Bg7 5. Bg2 d6 6. O-O e5 7. c3 Nge7 8. a3 O-O
9. b4 b5 10. Nbd2 h6 11. Bb2 a6 12. Nb3 cxb4 13. axb4 Bg4 14. h3 Be6 15. Re1 Qd7
16. Kh2 f5 17. Na5 Nxa5 18. Rxa5 Nc6 19. Ra1 d5 20. exf5 Bxf5 21. Nh4 Be6 22.
Qe2 g5 23. Nf3 g4 24. Ng1 h5 25. h4 Rf7 26. Rf1 e4 27. dxe4 d4 28. Rad1 Qa7 29.
e5 dxc3 30. Bxc3 Rc8 31. Rd6 Bc4 32. Rd3 Bxd3 33. Qxd3 Rxf2 34. Rxf2 Qxf2 35.
Qg6 Ne7 36. Qe6+ Qf7 37. Qd7 Rxc3 38. e6 Qf6 39. Ne2 Re3 40. Nf4 Bf8 41. Qe8
Rxe6 42. Qxh5 Re5 43. Qxg4+ Bg7 44. Nh5 Qg6 45. Qd1 Rxh5 46. Qd8+ Bf8 0-1

[Event "Titled Tue 24th Jun Early"]
[Site "chess.com INT"]
[Date "2025.06.24"]
[Round "1"]
[White "Fernandes, Rogerio Paulo Muller"]
[Black "Seiger, Vidar"]
[Result "0-1"]
[BlackTitle "CM"]
[WhiteElo "2241"]
[BlackElo "2224"]
[WhiteFideId "2101599"]
[BlackFideId "1756079"]
[EventDate "2025.06.24"]

1. c4 e5 2. g3 Nc6 3. Bg2 Bc5 4. Nc3 d6 5. Nf3 a6 6. O-O Ba7 7. Rb1 h5 8. h4 Bf5
9. d3 Qd7 10. Nd5 Nf6 11. b4 Nxd5 12. cxd5 Ne7 13. e4 Bg4 14. Qc2 O-O 15. Be3 f5
16. Bxa7 Rxa7 17. Nh2 f4 18. f3 Bh3 19. Bxh3 Qxh3 20. Qg2 Qxg3 21. Rbc1 Ng6 22.
Rf2 Nxh4 23. Qxg3 fxg3 24. Rfc2 gxh2+ 25. Kxh2 Nxf3+ 26. Kg3 Nd4 27. Rxc7 Ne2+
28. Kh4 Nxc1 29. Rxc1 b5 30. Kxh5 Raf7 31. Rc6 g6+ 32. Kg5 Rd7 33. Rxa6 Kg7 34.
a4 bxa4 35. Rxa4 Rb8 36. Kg4 Rb6 37. Kf3 Rdb7 38. Ke3 Rxb4 39. Ra6 R4b6 40. Ra8
Kf6 41. Rf8+ Kg5 42. Rd8 Rh7 43. Kd2 Rh3 44. Kc3 Ra6 45. Kc4 Kg4 0-1

[Event "Titled Tue 24th Jun Early"]
[Site "chess.com INT"]
[Date "2025.06.24"]
[Round "1"]
[White "Van Baar, Esper"]
[Black "Chylewski, Patryk"]
[Result "0-1"]
[WhiteTitle "FM"]
[BlackTitle "IM"]
[WhiteElo "2232"]
[BlackElo "2313"]
[WhiteFideId "1049321"]
[BlackFideId "1186191"]
[EventDate "2025.06.24"]

1. e4 c5 2. Nf3 d6 3. d4 cxd4 4. Nxd4 Nf6 5. Nc3 a6 6. Bd3 e5 7. Nde2 Be7 8. O-O
O-O 9. Ng3 Be6 10. Nd5 Nbd7 11. Nxe7+ Qxe7 12. f4 exf4 13. Bxf4 Ng4 14. Qd2 Nge5
15. Nf5 Bxf5 16. exf5 Nf6 17. Be2 Rfe8 18. Rae1 Qc7 19. c3 Rad8 20. Bg5 Qc5+ 21.
Kh1 Ne4 22. Qf4 Nxg5 23. Qxg5 f6 24. Qg3 d5 25. Bh5 Re7 26. Rd1 Nc4 27. Qf2 Qxf2
28. Rxf2 Ne3 29. Re1 Nxf5 30. Rxe7 Nxe7 31. Rd2 g6 32. Bf3 Kf7 33. Kg1 Ke6 34.
c4 Rd6 35. c5 Rd8 36. b4 Nc6 37. a3 Ne5 38. Be2 d4 39. Kf2 Kd5 40. h3 f5 41. Bf1
g5 42. g3 Rd7 43. Bg2+ Kc4 44. Bf1+ Kc3 45. Rd1 d3 46. Rc1+ Kb2 47. Rd1 Kc2 0-1

[Event "Titled Tue 24th Jun Early"]
[Site "chess.com INT"]
[Date "2025.06.24"]
[Round "1"]
[White "Dovgaliuk, Oleksandr"]
[Black "Domin, Yan"]
[Result "1-0"]
[BlackTitle "FM"]
[WhiteElo "2190"]
[BlackElo "2222"]
[WhiteFideId "14167247"]
[BlackFideId "34169342"]
[EventDate "2025.06.24"]

1. e4 c5 2. Nf3 Nc6 3. Nc3 Nf6 4. Bb5 Qc7 5. O-O Nd4 6. Re1 a6 7. Bf1 e5 8. Nd5
Nxd5 9. exd5 Nxf3+ 10. Qxf3 d6 11. Qg3 g6 12. c3 Bg7 13. d4 cxd4 14. cxd4 O-O
15. dxe5 dxe5 16. Be3 Qd6 17. Red1 Bd7 18. h4 h5 19. Bg5 Rfc8 20. Qb3 b5 21.
Rac1 Bf6 22. Bxf6 Qxf6 23. Qb4 a5 24. Qe4 Qd6 25. a3 Kg7 26. g3 b4 27. axb4 axb4
28. Bc4 Rc7 29. b3 Bf5 30. Qe3 Bd7 31. Re1 f6 32. f4 Re8 33. Ra1 exf4 34. Qxf4
Rxe1+ 35. Rxe1 Qxf4 36. gxf4 Bf5 37. Kf2 Kf8 38. Ra1 Ke7 39. Ra4 Kd6 40. Rxb4
Kc5 41. Rb5+ Kd4 42. Rb6 Ke4 43. Rxf6 Kxf4 44. d6 Rd7 45. Bb5 Rd8 46. d7 Ke5 47.
Rf7 Be6 48. Re7 Rf8+ 49. Ke3 1-0

[Event "Titled Tue 24th Jun Early"]
[Site "chess.com INT"]
[Date "2025.06.24"]
[Round "1"]
[White "Melillo, Lucius"]
[Black "Alonso Orta, Osiel Alberto"]
[Result "1-0"]
[WhiteTitle "FM"]
[BlackTitle "FM"]
[WhiteElo "2170"]
[BlackElo "2280"]
[WhiteFideId "30958245"]
[BlackFideId "3531279"]
[EventDate "2025.06.24"]

1. d4 Nf6 2. Nc3 g6 3. e4 d6 4. Bf4 Bg7 5. Qd2 O-O 6. O-O-O Nbd7 7. h4 c5 8.
dxc5 Nxc5 9. e5 Ng4 10. exd6 Bxc3 11. Qxc3 Ne4 12. Qb4 Nexf2 13. Rd2 e5 14. Bg5
f6 15. Bc4+ Kg7 16. d7 Bxd7 17. Qxb7 fxg5 18. Rxd7+ Qxd7 19. Qxd7+ Kh8 20. hxg5
Nxh1 21. Qxg4 Nf2 22. Qe2 Rae8 23. Nf3 Ng4 24. Bd5 Re7 25. Qe4 Nf2 26. Qe1 Ng4
27. Qg3 Rf4 28. c4 Ne3 29. Qe1 Nxc4 30. Bxc4 Rxc4+ 31. Kb1 e4 32. Nd2 Rd4 33.
Nb3 Rdd7 34. Qc3+ Kg8 35. Nc5 Rd1+ 36. Kc2 Rf1 37. Qe3 1-0

[Event "Titled Tue 24th Jun Early"]
[Site "chess.com INT"]
[Date "2025.06.24"]
[Round "1"]
[White "Logachiov, Aleksandr"]
[Black "Liu, Xiangyi"]
[Result "0-1"]
[WhiteTitle "CM"]
[BlackTitle "IM"]
[WhiteElo "2129"]
[BlackElo "2370"]
[WhiteFideId "24123706"]
[BlackFideId "8605718"]
[EventDate "2025.06.24"]

1. d4 f5 2. Nc3 Nf6 3. Bf4 b6 4. Qd3 e6 5. e4 Ba6 6. Qe3 Bb4 7. Bxa6 Nxa6 8.
exf5 Nd5 9. Qg3 Nxf4 10. Qxf4 O-O 11. Nf3 Bd6 12. Qe4 Rxf5 13. O-O-O Nb4 14. a3
Nd5 15. Nxd5 Rxd5 16. Ne5 c5 17. Nc4 Be7 18. dxc5 Rxc5 19. Rxd7 Qxd7 20. Qxa8+
Rc8 21. Qe4 Bg5+ 22. Kb1 Bf6 23. Re1 h6 24. f4 Rc5 25. g3 Kh8 26. Ne5 Bxe5 27.
fxe5 Qc7 28. Re2 Kg8 29. Qd4 Rd5 30. Qe4 Rd1+ 31. Ka2 Rd5 32. Kb1 b5 33. Ka2 a5
34. Re3 Qc5 35. Rc3 Qf8 36. Qg4 Rxe5 37. Rc6 Qf7 38. Qd4 Rd5 39. Rc8+ Kh7 40.
Qe4+ Qf5 41. Qxf5+ exf5 42. Re8 Rd2 43. h4 Rd5 44. Re3 Kg6 45. Kb3 Kh5 46. c4
a4+ 47. Kb4 bxc4 48. Kxa4 Rd2 0-1

[Event "Titled Tue 24th Jun Early"]
[Site "chess.com INT"]
[Date "2025.06.24"]
[Round "1"]
[White "Adewumi, Tanitoluwa"]
[Black "Garcia Garcia, Adrian Antonio"]
[Result "1-0"]
[WhiteTitle "FM"]
[BlackTitle "CM"]
[WhiteElo "2362"]
[BlackElo "2157"]
[WhiteFideId "30966396"]
[BlackFideId "2206587"]
[EventDate "2025.06.24"]

1. Nf3 Nf6 2. b3 g6 3. Bb2 Bg7 4. g3 d5 5. Bg2 O-O 6. O-O c6 7. c4 Bg4 8. d3
Nbd7 9. h3 Bxf3 10. Bxf3 e5 11. Bg2 Re8 12. cxd5 cxd5 13. Nc3 Nb6 14. Rc1 Rc8
15. b4 a6 16. a4 Qd6 17. Qb3 e4 18. a5 Nbd7 19. dxe4 d4 20. Rfd1 Qe5 21. Nd5
Rxc1 22. Nxf6+ Nxf6 23. Bxc1 Nxe4 24. Bf4 Qe7 25. e3 Nc3 26. Rd3 Ne2+ 27. Kh2
Nc1 28. Qc2 Nxd3 29. Qxd3 dxe3 30. Bxe3 Qxb4 31. Qd7 Qe7 32. Qxb7 Qxb7 33. Bxb7
Re6 34. Bb6 Re2 35. Bxa6 Ra2 36. Bb7 Rb2 37. a6 Rxb6 38. a7 Bf8 39. a8=Q Rf6 40.
Bf3 h6 41. Kg2 Kg7 42. Qd5 Bd6 43. h4 h5 44. Qd4 Be7 45. Bd5 Kg8 46. Qe5 Kf8 47.
f3 Bd8 48. g4 hxg4 49. fxg4 Rb6 50. Qh8+ Ke7 51. Qe5+ Kf8 52. h5 gxh5 53. gxh5
Bf6 54. Qc7 Rb2+ 55. Kf3 Rd2 56. Qxf7# 1-0

[Event "Titled Tue 24th Jun Early"]
[Site "chess.com INT"]
[Date "2025.06.24"]
[Round "1"]
[White "Stepanencu, Nicodim-Cosmin"]
[Black "Redor, Menandro"]
[Result "1-0"]
[WhiteTitle "FM"]
[WhiteElo "2318"]
[BlackElo "2021"]
[WhiteFideId "1256220"]
[BlackFideId "5222010"]
[EventDate "2025.06.24"]

1. e4 c6 2. d4 d5 3. exd5 cxd5 4. Bd3 Nc6 5. c3 Nf6 6. h3 Qc7 7. Nf3 e6 8. O-O
Bd6 9. Re1 O-O 10. Bg5 Nd7 11. Na3 a6 12. Rc1 Bf4 13. Bxf4 Qxf4 14. Nc2 Nf6 15.
Ne3 Bd7 16. Bb1 Ne4 17. Qc2 Rac8 18. Ng4 f5 19. Nge5 Be8 20. Nxc6 Bxc6 21. Ne5
Rf6 22. f3 Nd6 23. Rcd1 Rh6 24. Qd2 Qg3 25. Qf2 Rxh3 26. Qxg3 Rxg3 27. Nxc6 Rxc6
28. Rxe6 Nc4 29. Bxf5 g6 30. Bh3 Rxe6 31. Bxe6+ Kg7 32. Kf2 Rg5 33. g4 h5 34. f4
Rxg4 35. Bxg4 hxg4 36. b3 Nd6 37. Kg3 Nf5+ 38. Kf2 Nd6 39. Rc1 Ne4+ 40. Ke3 Kf6
41. c4 1-0

[Event "Titled Tue 24th Jun Early"]
[Site "chess.com INT"]
[Date "2025.06.24"]
[Round "1"]
[White "Gong, Qianyun"]
[Black "Troltenier, Dirk"]
[Result "1-0"]
[WhiteTitle "WGM"]
[BlackTitle "FM"]
[WhiteElo "2228"]
[BlackElo "2174"]
[WhiteFideId "8602425"]
[BlackFideId "4606400"]
[EventDate "2025.06.24"]

1. d4 d5 2. c4 dxc4 3. Nf3 Nf6 4. e3 e6 5. Bxc4 a6 6. O-O c5 7. a4 Nc6 8. Nc3
cxd4 9. exd4 Nb4 10. Bf4 Be7 11. Rc1 O-O 12. Re1 Bd7 13. Ne5 Rc8 14. Bb3 Bc6 15.
Nxc6 Rxc6 16. h3 Qd7 17. Be5 Rfc8 18. Qf3 Nbd5 19. a5 Nxc3 20. bxc3 Nd5 21. Ba4
Qd8 22. Bxc6 Rxc6 23. c4 Nb4 24. Red1 f6 25. Bg3 Qxa5 26. d5 exd5 27. cxd5 Rxc1
28. Rxc1 Qxd5 29. Rc8+ Kf7 30. Qg4 a5 31. Rc7 Kf8 32. Qc8+ Kf7 33. Rd7 Qc6 34.
Qxb7 Qxb7 35. Rxb7 Ke6 36. Ra7 Nc6 37. Ra6 Kd7 38. Bf4 Bb4 39. Kf1 g5 40. Be3 h5
41. Ke2 h4 42. Kd3 f5 43. Bxg5 Ne5+ 44. Kc2 Nc4 45. Kb3 Nd6 46. f3 Ke6 47. Bf4
Kd5 48. Bxd6 Bxd6 49. Rxa5+ Ke6 50. Kc4 Kf6 51. Kd5 Bg3 52. Ra6+ Kg5 53. Ke6 Kf4
54. Ra4+ Ke3 55. Kxf5 Kf2 56. Ra2+ Kg1 57. Kg4 Kh2 58. f4 Be1 59. f5 Bb4 60.
Kxh4 Be7+ 61. Kh5 1-0

[Event "Titled Tue 24th Jun Early"]
[Site "chess.com INT"]
[Date "2025.06.24"]
[Round "1"]
[White "Dreelinck, Jacob"]
[Black "Aradhya, Garg"]
[Result "1/2-1/2"]
[WhiteTitle "FM"]
[BlackTitle "IM"]
[WhiteElo "2266"]
[BlackElo "2370"]
[WhiteFideId "250511"]
[BlackFideId "25006746"]
[EventDate "2025.06.24"]

1. e4 c6 2. d4 d5 3. Nc3 dxe4 4. Nxe4 Nf6 5. Nxf6+ exf6 6. Bc4 Bd6 7. Qe2+ Qe7
8. Qxe7+ Kxe7 9. Ne2 Rd8 10. c3 Bf5 11. Bf4 Nd7 12. O-O Nb6 13. Bb3 a5 14. Rfe1
Kf8 15. Bxd6+ Rxd6 16. Ng3 Bg6 17. a4 Rd7 18. f4 h6 19. f5 Bh7 20. Re4 Nd5 21.
Rae1 Ne7 22. Rf4 c5 23. dxc5 Rc8 24. Rd4 Rdc7 25. Bc2 Rxc5 26. Rd7 Re8 27. Rxb7
Nxf5 28. Rxe8+ Kxe8 29. Bxf5 Bxf5 30. Nxf5 Rxf5 31. Rb5 Re5 32. Rxe5+ fxe5 33.
Kf2 Kd7 34. Ke3 f5 35. b4 Kc6 36. g3 g5 37. h3 h5 38. Kf3 Kd5 39. Ke3 Kc4 40.
bxa5 Kc5 41. c4 f4+ 42. gxf4 gxf4+ 43. Ke4 Kc6 44. Kf3 Kc5 45. Ke4 Kc6 46. Kf3
Kc5 47. Ke4 1/2-1/2

[Event "Titled Tue 24th Jun Early"]
[Site "chess.com INT"]
[Date "2025.06.24"]
[Round "1"]
[White "Al-Tarboush, Ward"]
[Black "Gruzman, Ilya"]
[Result "1-0"]
[WhiteTitle "FM"]
[BlackTitle "CM"]
[WhiteElo "2223"]
[BlackElo "2165"]
[WhiteFideId "7601450"]
[BlackFideId "2812703"]
[EventDate "2025.06.24"]

1. e4 e5 2. Nf3 Nc6 3. Bb5 a6 4. Ba4 Nf6 5. O-O Be7 6. d3 b5 7. Bb3 d6 8. a3 O-O
9. Nc3 Na5 10. Ba2 Be6 11. b4 Bxa2 12. Rxa2 Nc6 13. Nd5 Nxd5 14. exd5 Na7 15. c4
c6 16. dxc6 Nxc6 17. Be3 d5 18. c5 d4 19. Bc1 Qd5 20. Re2 a5 21. Rfe1 f6 22. Rb2
axb4 23. axb4 Ra4 24. Bd2 Rfa8 25. Qb3 Qxb3 26. Rxb3 Ra3 27. Rxa3 Rxa3 28. h4
Rxd3 29. Kf1 Rb3 30. Rc1 Kf7 31. Ke2 Ke6 32. Be1 e4 33. Nd2 Rb2 34. Kd1 f5 35.
Nb1 Bxh4 36. Na3 Bg5 37. Ra1 e3 38. fxe3 dxe3 39. Bc3 Rxg2 40. Nxb5 e2+ 41. Kc2
e1=Q+ 42. Kb3 Qg3 43. Ra6 Qf3 44. Nd4+ Kd5 45. Nxf3 Bf4 46. b5 Nb8 47. Ra8 Nd7
48. c6 Nc5+ 49. Kb4 Bd6 50. Rg8 Rg3 51. b6 Rxf3 52. c7 Ne4+ 53. Kb5 Nxc3+ 54.
Ka6 Bxc7 55. bxc7 Nb5 56. c8=Q 1-0

[Event "Titled Tue 24th Jun Early"]
[Site "chess.com INT"]
[Date "2025.06.24"]
[Round "1"]
[White "Dilanyan, Grigor"]
[Black "Storn, Justin"]
[Result "0-1"]
[WhiteTitle "FM"]
[WhiteElo "2191"]
[BlackElo "2073"]
[WhiteFideId "13303570"]
[BlackFideId "30922720"]
[EventDate "2025.06.24"]

1. e4 g6 2. d4 Bg7 3. Nc3 d6 4. Be3 Nf6 5. Qd2 a6 6. f3 b5 7. h4 h5 8. Nh3 Nbd7
9. Nf2 c5 10. dxc5 dxc5 11. O-O-O Qa5 12. Kb1 Ne5 13. Bxc5 Be6 14. Nd5 Qxd2 15.
Rxd2 Nxd5 16. exd5 Bf5 17. Ne4 Bxe4 18. fxe4 Ng4 19. Be2 Ne5 20. d6 exd6 21.
Bxd6 O-O-O 22. Rhd1 Bf6 23. a4 Nc4 24. Bxc4 bxc4 25. g3 Rhe8 26. Rf1 Re6 27. Bb4
Rxd2 28. Bxd2 Kd7 29. Bc1 Ke7 30. Bd2 Rxe4 31. Bb4+ Ke6 32. Rd1 Be5 33. Be1 Re3
34. b4 cxb3 35. c4 Bxg3 36. Bxg3 Rxg3 37. c5 Rc3 38. Rd6+ Ke5 39. Rxa6 Rxc5 40.
Kb2 Rc4 41. Kxb3 Rxh4 42. a5 Rh1 43. Rb6 Ra1 44. a6 h4 45. Kb4 h3 46. Kb5 Rb1+
47. Kc6 Rxb6+ 48. Kxb6 h2 49. a7 h1=Q 50. a8=Q Qxa8 51. Kc7 Qe8 0-1

[Event "Titled Tue 24th Jun Early"]
[Site "chess.com INT"]
[Date "2025.06.24"]
[Round "1"]
[White "Aditya, Varun Gampa"]
[Black "Filippova, Margarita"]
[Result "0-1"]
[WhiteTitle "FM"]
[BlackTitle "WFM"]
[WhiteElo "2186"]
[BlackElo "2026"]
[WhiteFideId "45066183"]
[BlackFideId "34199680"]
[EventDate "2025.06.24"]

1. a3 g6 2. h4 Bg7 3. h5 d5 4. d4 Bg4 5. f3 Bc8 6. Nc3 c6 7. Bf4 Nd7 8. e4 dxe4
9. fxe4 Ngf6 10. h6 Bf8 11. e5 Nd5 12. Nxd5 cxd5 13. Nf3 e6 14. c4 dxc4 15. Bxc4
Nb6 16. Bb3 Bd7 17. O-O Be7 18. Qd2 Bc6 19. Ng5 Bxg5 20. Bxg5 Qd7 21. Bf6 Rg8
22. Rad1 Bd5 23. Bc2 Qc6 24. Rf2 Nd7 25. Bh4 f5 26. exf6 Kf7 27. Rc1 Qd6 28. Bg5
Rac8 29. Bf4 Qa6 30. Bd3 Rxc1+ 31. Qxc1 Qxd3 32. Qc7 Qd1+ 33. Kh2 Qh5+ 34. Kg3
Bc6 35. Qd6 Re8 36. Be5 Qxh6 37. Rf4 Qg5+ 38. Rg4 Qf5 39. Kh4 Qh5+ 40. Kg3 a5
41. Rh4 Qg5+ 42. Rg4 Qe3+ 43. Kh2 h5 44. Rg3 Qf2 45. Qc7 h4 46. Rg4 h3 47. d5
exd5 48. Bd4 Qf5 49. Rh4 g5 50. Rxh3 a4 51. Qg3 Nxf6 52. Bxf6 Kxf6 53. Qd6+ Qe6
54. Rf3+ Kg6 55. Qc5 d4 56. Qxd4 Bxf3 57. gxf3 Qe2+ 0-1